Statistieken voor Raad de woorden in het Suzan en Freek lied. #3

Klik hier om de quiz te nemen!

Algemene statistieken

  • Deze quiz is 58 keer genomen
  • De gemiddelde score is 241 van 397

Antwoordstatistieken

Antwoord% Correct
ik
89%
we
87%
al
84%
de
82%
het
82%
als
79%
je
79%
me
74%
dat
71%
niet
71%
heb
68%
jij
68%
kan
68%
maar
68%
zo
68%
ben
66%
is
66%
waren
66%
zijn
66%
en
63%
goud
63%
in
63%
mijn
63%
wat
63%
nooit
61%
zeg
61%
zou
61%
jou
58%
toch
58%
vergeten
58%
was
58%
bij
55%
dan
55%
dit
55%
gedacht
55%
kon
55%
van
55%
zien
55%
beter
53%
door
53%
eens
53%
er
53%
had
53%
nog
53%
ons
53%
ook
53%
stond
53%
te
53%
weet
53%
wij
53%
alleen
50%
gaan
50%
gedachten
50%
misschien
50%
nu
50%
bang
47%
dacht
47%
denk
47%
hoofd
47%
om
47%
werken
47%
aan
45%
bedacht
45%
dag
45%
eigenlijk
45%
einde
45%
geloof
45%
hard
45%
ofzo
45%
past
45%
spookt
45%
steeds
45%
wederzijds
45%
anders
42%
deed
42%
echt
42%
geprobeerd
42%
hield
42%
makkelijk
42%
snel
42%
toen
42%
uit
42%
vaak
42%
geloofd
39%
meer
39%
omdat
39%
voelt
39%
weg
39%
wou
39%
alsof
37%
die
37%
ineens
37%
klap
37%
kwam
37%
met
37%
nacht
37%
lampen
34%
weer
34%
ervoor
32%
hadden
32%
hele
32%
stoppen
32%
tijd
32%
wil
32%
zwart
32%
beeld
29%
hoop
29%
huis
29%
langer
29%
praten
29%
slaan
29%
zwijgen
29%
gebleven
26%
beloofd
24%
heel
24%
juist
24%

Scoreverdeling

Percentiel versus Aantal Correcte Antwoorden

Procent van Mensen met Elke Score

Uw Scoregeschiedenis

U heeft deze quiz nog niet genomen